The expanding universe / (Record no. 8440)

MARC details
000 -LEADER
fixed length control field 01233cam a2200301 a 4500
001 - CONTROL NUMBER
control field 533585
003 - CONTROL NUMBER IDENTIFIER
control field OSt
005 - DATE AND TIME OF LATEST TRANSACTION
control field 20240612150613.0
008 - FIXED-LENGTH DATA ELEMENTS--GENERAL INFORMATION
fixed length control field 870812r19871933enkaf b 001 0 eng
010 ## - LIBRARY OF CONGRESS CONTROL NUMBER
LC control number 87023918
020 ## - INTERNATIONAL STANDARD BOOK NUMBER
International Standard Book Number 0521349761 (pbk.)
040 ## - CATALOGING SOURCE
Original cataloging agency DLC
Transcribing agency MUST
Modifying agency DLC
050 00 - LIBRARY OF CONGRESS CALL NUMBER
Classification number QB991.E94
Item number E33 1987
082 00 - DEWEY DECIMAL CLASSIFICATION NUMBER
Classification number 523.1 EDD 1933
Edition number 19
100 1# - MAIN ENTRY--PERSONAL NAME
Personal name Eddington, Arthur Stanley,
Titles and words associated with a name Sir,
Dates associated with a name 1882-1944.
9 (RLIN) 13675
245 14 - TITLE STATEMENT
Title The expanding universe /
Statement of responsibility, etc. by Sir Arthur Eddington.
260 ## - PUBLICATION, DISTRIBUTION, ETC. (IMPRINT)
Place of publication, distribution, etc. Cambridge [Cambridgeshire] ;
-- New York :
Name of publisher, distributor, etc. Cambridge University Press,
Date of publication, distribution, etc. 1987, c1933.
300 ## - PHYSICAL DESCRIPTION
Extent xxiii, 127 p., [2] leaves of plates :
Other physical details ill. ;
Dimensions 18 cm.
440 #0 - SERIES STATEMENT/ADDED ENTRY--TITLE
Title Cambridge science classics
9 (RLIN) 13676
500 ## - GENERAL NOTE
General note Reprint. Originally published: Cambridge : University Press, 1933.
504 ## - BIBLIOGRAPHY, ETC. NOTE
Bibliography, etc Includes bibliographical references and index.
650 #0 - SUBJECT ADDED ENTRY--TOPICAL TERM
Topical term or geographic name as entry element Expanding universe.
9 (RLIN) 13329
856 41 - ELECTRONIC LOCATION AND ACCESS
Materials specified Sample text
Uniform Resource Identifier <a href="http://www.loc.gov/catdir/samples/cam034/87023918.html">http://www.loc.gov/catdir/samples/cam034/87023918.html</a>
856 42 - ELECTRONIC LOCATION AND ACCESS
Materials specified Publisher description
Uniform Resource Identifier <a href="http://www.loc.gov/catdir/description/cam023/87023918.html">http://www.loc.gov/catdir/description/cam023/87023918.html</a>
856 41 - ELECTRONIC LOCATION AND ACCESS
Materials specified Table of contents
Uniform Resource Identifier <a href="http://www.loc.gov/catdir/toc/cam028/87023918.html">http://www.loc.gov/catdir/toc/cam028/87023918.html</a>
906 ## - LOCAL DATA ELEMENT F, LDF (RLIN)
a 7
b cbc
c orignew
d 1
e ocip
f 19
g y-gencatlg
942 ## - ADDED ENTRY ELEMENTS (KOHA)
Source of classification or shelving scheme Dewey Decimal Classification
Koha item type Open Shelf
Holdings
Withdrawn status Lost status Source of classification or shelving scheme Damaged status Not for loan Home library Current library Date acquired Source of acquisition Inventory number Total Checkouts Full call number Barcode Date last seen Price effective from Koha item type
    Dewey Decimal Classification     MUST Main Library MUST Main Library 12/06/2024 purchase 04/22746   523.1 EDD 1933 2024-20412 12/06/2024 12/06/2024 Open Shelf
    Other/Generic Classification Scheme     MUST Main Library MUST Main Library 12/06/2024 purchase 05/24516   523.1 EDD 1933 2024-20413 12/06/2024 12/06/2024 Open Shelf
    Other/Generic Classification Scheme     MUST Main Library MUST Main Library 12/06/2024 purchase 04/22743   523.1 EDD 1933 2024-20414 12/06/2024 12/06/2024 Open Shelf
    Other/Generic Classification Scheme     MUST Main Library MUST Main Library 12/06/2024 purchase 05/24515   523.1 EDD 1933 2024-20420 12/06/2024 12/06/2024 Open Shelf
    Other/Generic Classification Scheme     MUST Main Library MUST Main Library 12/06/2024 purchase 05/24514   523.1 EDD 1933 2024-20421 12/06/2024 12/06/2024 Open Shelf